| 000 | 00729nam a22001817a 4500 | ||
|---|---|---|---|
| 003 | BD-DhUL | ||
| 005 | 20160907152300.0 | ||
| 008 | 160907s2000 bg ||||| |||| 00| 0 ben | ||
| 040 |
_aBD-DhUL _cBD-DhUL |
||
| 082 |
_a954.14 _bHAN |
||
| 100 | 1 | _aহক, মুহাম্মদ ফজলুল | |
| 245 | 1 | 0 |
_aনবাব সিরাজউদ্দৌলা ও বাংলার মসনদ / _cমুহাম্মদ ফজলুল হক |
| 260 |
_aঢাকা : _bপলাশী প্রকাশনী, _c২০০০. |
||
| 300 |
_a ১৬০পৃ. : _bচিত্র ; _c২৩ সেমি. |
||
| 650 | 0 |
_aবঙ্গদেশ _xইতিহাস |
|
| 650 | 0 |
_aBangladesh _xHistory |
|
| 942 |
_2ddc _cBK |
||
| 999 |
_c104651 _d104651 |
||